000 00321nam a2200133Ia 4500
008 240624s9999 xx 000 0 und d
041 _aeng
082 _a332.63 STO
100 _aSTOWE JOHN D
245 _aEQUITY ASSET VALUATION
260 _c2007
_aJohn Wiley and Sons,Inc.,2007
300 _a336 : p.
365 _c
_b30
999 _c10764
_d10764